|
|
|
|
| LEADER |
01159nam a22002772a 4500 |
| 001 |
000427952 |
| 003 |
CZ BrMZK |
| 005 |
20111020133809.0 |
| 007 |
ta |
| 008 |
010907s1978 xr af f cze d |
| 015 |
|
|
|a cnb000418106
|
| 035 |
|
|
|a (OCoLC)6575862
|
| 040 |
|
|
|a BOA001
|b cze
|c BOA002
|
| 100 |
1 |
|
|a Kužel, Stanislav,
|d 1946-
|7 jk01071137
|4 aut
|
| 245 |
1 |
0 |
|a Já Sojuz volám Prahu :
|b program Interkosmos /
|c Stanislav Kužel, Jan Kolář
|
| 250 |
|
|
|a 1. vyd.
|
| 260 |
|
|
|a Praha :
|b Lidové nakladatelství,
|c 1978
|
| 300 |
|
|
|a 237 s., barev. obr. příl. :
|b il.
|
| 700 |
1 |
|
|a Kolář, Jan,
|d 1948-
|7 xx0022519
|4 aut
|
| 700 |
1 |
|
|a Remek, Vladimír,
|d 1948-
|7 jk01102320
|4 hnr
|
| 856 |
4 |
1 |
|u http://www.digitalniknihovna.cz/mzk/uuid/uuid:d236cfe0-454e-11e3-9c86-005056827e51
|y Digitalizovaný dokument
|x NDK
|
| 910 |
|
|
|a BOA001
|b PK-0084.259
|b 2-0798.858
|
| 964 |
|
|
|a Remek, Vladimír - 1948-? - lety kosmické mezinárodní - reportáže
|
| 990 |
|
|
|a BK
|
| 996 |
6 |
|
|b 2619440519
|c 2-0798.858
|l MZK
|r Sklad / do 1 hodiny
|n 0
|w 000427952
|u 000020
|a 1
|e BOA001
|j MZK50
|s P
|
| 996 |
7 |
|
|b 3119826599
|c PK-0084.259
|l MZK
|r Sklad / do 1 hodiny
|n 3
|w 000427952
|u 000010
|a 1
|e BOA001
|j MZK50
|s A
|